000
00205nam a2200109Ia 4500
100
_a
#N/A
942
_c
BK
245
_a
EFY-DVD JANUARY-2012
260
_b
EFY
_a
New Delhi
546
_a
ENGLISH
999
_c
25318
_d
25318